Príprava daňového systému.

Na otázky, aký cieľ sleduje nový systém daní a poplatkov, podľa akých zásad sa pri nových druhoch daní bude postupovať ako možno zabrániť daňovým únikom, či mestá a obce budú môcť riešiť svoje investičné zámery aj za pomoci republikového rozpočtu a aké sú výhľady budúceho finančného roka odpovedá mi...

Descrizione completa

Salvato in:
Dettagli Bibliografici
Autore principale: Dančo, J.
Natura: Capitolo di libro
Lingua:slovacco
Soggetti:
Tags: Aggiungi Tag
Nessun Tag, puoi essere il primo ad aggiungerne!!

MARC

LEADER 00000naa a2200000 4500
001 r005921
005 20221125081559.0
041 0 |a slo 
044 |a [CS] 
245 1 0 |a Príprava daňového systému.  |c J. Dančo 
520 |a Na otázky, aký cieľ sleduje nový systém daní a poplatkov, podľa akých zásad sa pri nových druhoch daní bude postupovať ako možno zabrániť daňovým únikom, či mestá a obce budú môcť riešiť svoje investičné zámery aj za pomoci republikového rozpočtu a aké sú výhľady budúceho finančného roka odpovedá minister financií SR. 
610 2 0 |a dane 
610 2 0 |a poplatky 
610 2 0 |a Slovensko 
610 2 0 |a obce 
610 2 0 |a únik daňový 
100 1 |a Dančo, J.